logo

Bir Sreshtho Munshi Abdur Rouf Library
Jhenaidah Cadet College

The Comedy Of Errors / (Record no. 11711)

MARC details
000 -LEADER
fixed length control field 00658nam a2200241 a 4500
001 - CONTROL NUMBER
JCCL Control Number 11711
003 - CONTROL NUMBER IDENTIFIER
JCCL marc code BD-JhCC
005 - DATE AND TIME OF LATEST TRANSACTION
control field 20200728091721.0
008 - FIXED-LENGTH DATA ELEMENTS--GENERAL INFORMATION
fixed length control field 200728r11962013ii a|||| ||a| 000 0 eng d
020 ## - INTERNATIONAL STANDARD BOOK NUMBER
International Standard Book Number 9789382563198
035 ## - SYSTEM CONTROL NUMBER
system control number (BD-JhCC)11711
040 ## - CATALOGING SOURCE
Original cataloging agency BD-JhCC
Modifying agency BD-JhCC
041 ## - LANGUAGE CODE
Language code of Book eng
082 ## - DEWEY DECIMAL CLASSIFICATION NUMBER
Classification number 338.4791
Author mark and Year SHA 2013
100 ## - MAIN ENTRY--PERSONAL NAME
Personal name Shakespeare,William
245 ## - TITLE STATEMENT
Title The Comedy Of Errors /
Statement of responsibility, etc William Shakespeare, Edit: R. A. Foakes .
260 ## - PUBLICATION, DISTRIBUTION, ETC. (IMPRINT)
Place of publication, distribution, etc New Dehli:
Name of publisher, distributor, etc Bloomsbury;
Date of publication, distribution, etc 2013.
300 ## - PHYSICAL DESCRIPTION
Pagination 117 p. :
Other physical details ill;
Dimensions 20 cm.
650 ## - SUBJECT ADDED ENTRY--TOPICAL TERM
Topical term or geographic name as entry element Tourism
General subdivision Southeast Asia
Geographic subdivision East Asia
700 ## - ADDED ENTRY--PERSONAL NAME
Personal name Foakes, R. A.
942 ## - ADDED ENTRY ELEMENTS (KOHA)
Source of classification or shelving scheme Dewey Decimal Classification
Koha item type Books
Holdings
Source of classification or shelving scheme Damaged status Not for loan Home library Current library Shelving location Date of accession Cost, normal purchase price Total Checkouts Full call number Barcode Date last seen Copy number Koha item type
Dewey Decimal Classification     JCC Rouf Library JCC Rouf Library General Stacks 07/28/2020 530.00   338.4791 SHA 2013 16048 07/28/2020 C-1 Books

JCC Library | Contacts | JCC Home

Last Update on 23 September 2017
Copyright @ 2017-2020 JCC Rouf Library
Rouf Library, Jhenidah Cadet College (JCC), Bangladesh